00393nam a2200145Ia 4500003000400000008004100004040001600045082002700061100003000088245004900118260002800167490000500195650001900200650002800219GCL140319s9999 xx 000 0 ara d aGCL / cGCL04aكاسيتb337bم ا1 aمحمد الابنودى10aالهدايا / cمحمد الابنودى a[S.N] : bلا يوجد a04aالاغانى04aشرائط كاسيت